Statistics for Singapore Buildings Picture Quiz

Click here to take the quiz!

General Stats

  • This quiz has been taken 204 times
  • The average score is 8 of 16

Answer Stats

Answer% Correct
Marina Bay Sands
98%
Sentosa Merlion
97%
Esplanade – Theatres on the Bay
86%
The Istana
70%
ArtScience Museum
68%
Raffles Hotel
66%
The Fullerton Hotel
65%
Golden Mile Complex
47%
The Pinnacle@Duxton
40%
Victoria Theatre and Concert Hall
32%
Masjid Sultan
30%
The Hive
28%
The Interlace
26%
Reflections at Keppel Bay
24%
Tanjong Pagar Centre
16%
One Raffles Place
12%

Score Distribution

Percentile by Number Answered

Percent of People with Each Score

Your Score History

You have not taken this quiz